A companion to Marx's Capital / (Record no. 2190)

000 -LEADER
fixed length control field 01306cam a2200361 a 4500
001 - CONTROL NUMBER
control field 16187487
005 - DATE AND TIME OF LATEST TRANSACTION
control field 20160225112128.0
008 - FIXED-LENGTH DATA ELEMENTS--GENERAL INFORMATION
fixed length control field 100415s2010 nyu 001 0 eng d
010 ## - LIBRARY OF CONGRESS CONTROL NUMBER
LC control number 2010278211
015 ## - NATIONAL BIBLIOGRAPHY NUMBER
National bibliography number GBA939913
Source bnb
016 7# - NATIONAL BIBLIOGRAPHIC AGENCY CONTROL NUMBER
Record control number 015117417
Source Uk
020 ## - INTERNATIONAL STANDARD BOOK NUMBER
International Standard Book Number 9781844673582
020 ## - INTERNATIONAL STANDARD BOOK NUMBER
International Standard Book Number 1844673588
020 ## - INTERNATIONAL STANDARD BOOK NUMBER
International Standard Book Number 9781844673599 (pbk.)
020 ## - INTERNATIONAL STANDARD BOOK NUMBER
International Standard Book Number 1844673596 (pbk.)
035 ## - SYSTEM CONTROL NUMBER
System control number (OCoLC)ocn538952464
040 ## - CATALOGING SOURCE
Original cataloging agency SEA
Transcribing agency SEA
Modifying agency CDX
-- BTCTA
-- YDXCP
-- UKM
-- BWX
-- DLC
042 ## - AUTHENTICATION CODE
Authentication code lccopycat
050 00 - LIBRARY OF CONGRESS CALL NUMBER
Classification number HB501.M37
Item number H335 2010
082 04 - DEWEY DECIMAL CLASSIFICATION NUMBER
Classification number 335.4/1
Edition number 22
100 1# - MAIN ENTRY--PERSONAL NAME
Personal name Harvey, David,
Dates associated with a name 1935-
245 12 - TITLE STATEMENT
Title A companion to Marx's Capital /
Statement of responsibility, etc. David Harvey.
260 ## - PUBLICATION, DISTRIBUTION, ETC. (IMPRINT)
Place of publication, distribution, etc. London ;
-- New York :
Name of publisher, distributor, etc. Verso,
Date of publication, distribution, etc. c2010.
300 ## - PHYSICAL DESCRIPTION
Extent viii, 356 p. ;
Dimensions 21 cm.
500 ## - GENERAL NOTE
General note Includes index.
600 10 - SUBJECT ADDED ENTRY--PERSONAL NAME
Personal name Marx, Karl,
Dates associated with a name 1818-1883.
Title of a work Kapital.
700 1# - ADDED ENTRY--PERSONAL NAME
Personal name Marx, Karl,
Dates associated with a name 1818-1883.
Title of a work Kapital.
856 42 - ELECTRONIC LOCATION AND ACCESS
Materials specified Contributor biographical information
Uniform Resource Identifier <a href="http://www.loc.gov/catdir/enhancements/fy1312/2010278211-b.html">http://www.loc.gov/catdir/enhancements/fy1312/2010278211-b.html</a>
856 42 - ELECTRONIC LOCATION AND ACCESS
Materials specified Publisher description
Uniform Resource Identifier <a href="http://www.loc.gov/catdir/enhancements/fy1312/2010278211-d.html">http://www.loc.gov/catdir/enhancements/fy1312/2010278211-d.html</a>
906 ## - LOCAL DATA ELEMENT F, LDF (RLIN)
a 7
b cbc
c copycat
d 2
e ncip
f 20
g y-gencatlg
942 ## - ADDED ENTRY ELEMENTS (KOHA)
Source of classification or shelving scheme
Koha item type Hard Covered Materials
Holdings
Withdrawn status Lost status Source of classification or shelving scheme Damaged status Not for loan Home library Current library Date acquired Total Checkouts Full call number Barcode Date last seen Price effective from Koha item type
          MACHAKOS UNIVERSITY LIBRARY MACHAKOS UNIVERSITY LIBRARY 10/07/2015   HB 501 .M37 1994 6189 10/07/2015 10/07/2015 Hard Covered Materials
© Machakos University Library, Along The Highway, Machakos Wote Rd, Machakos, Kenya P.O. Box 136 - 90100 Machakos - Kenya

Tel: ( +254 ) 723 805829 OR Fax : 044-20353 OR Email: library@mksu.ac.ke